Rok w wyszukiwarce Google 2025 - Statystyki

Ogólne statystyki
  • Ten quiz został rozwiązany 10 razy
  • Średni wynik to 11 z 60
Statystyki odpowiedzi
Nr Pytanie Odpowiedzi % Poprawnych
1 Memy Karol Nawrocki
88%
5 Kiedy debata Mentzen Trzaskowski
75%
1 Ile lat ma/miał Karol Nawrocki
75%
2 Memy Rafał Trzaskowski
75%
3 Ile lat ma/miał Rafał Trzaskowski
75%
2 Co robi żona Karola Nawrockiego
75%
4 Co robi żona Rafała Trzaskowskiego
75%
4 Kto jest prezydentem Polski
50%
2 Ile kosztuje Labubu
50%
1 Cena Labubu
50%
2 Kiedy druga tura wyborów
25%
1 Przepis na dubajską czekoladę
25%
2 Cena iPhone
25%
3 Memy Joanna Senyszyn
25%
4 Kiedy konklawe
25%
5 Co to late poll
25%
2 Ile lat ma/miał nowy papież
25%
1 Co robi papież
25%
5 Memy po wyborach
25%
4 Tekst piosenki Sigma Boy
25%
1 Kiedy wybory prezydenckie
25%
2 Kto wygrał wybory prezydenckie
25%
5 Kto wygra wybory
25%
3 Kiedy wyniki wyborów
25%
3 Kto został nowym papieżem
25%
4 Przepis na babkę wielkanocną
13%
1 Dlaczego Izrael zaatakował Iran
13%
5 Kto to Maciej Maciak
13%
2 Co to Szon Patrol
13%
2 Dlaczego zatonął Heweliusz
13%
2 Przepis na żurek wielkanocny
13%
5 Ile kosztuje 100g złota
0%
5 Tekst piosenki APT
0%
4 Ile kosztuje burger Drwala
0%
1 Kto to deponent
0%
1 Ile kosztuje F16
0%
2 Tekst piosenki Gaja
0%
4 Dlaczego Golden zabił Kaszuba
0%
5 Ile lat ma/miał Grażyna Szapołowski
0%
5 Dlaczego Indian nazywamy Indianami
0%
5 Przepis na karkówkę z grilla
0%
3 Przepis na kasztany
0%
3 Dlaczego Los Angeles płonie
0%
4 Cena Microlino
0%
1 Tekst piosenki najwięcej witaminy
0%
3 Kto to Natsu
0%
3 Tekst piosenki Nie ma fal
0%
3 Co to polucja
0%
4 Kto to predator
0%
1 Co to snus
0%
5 Co robi snycerz
0%
5 Cena Steam Machine
0%
2 Kto to sutener
0%
3 Cena Thermomix
0%
4 Memy tłusty czwartek
0%
3 Co robi Will Smith
0%
4 Ile lat ma/miał Wojan
0%
4 Co to wotum zaufania
0%
1 Kto wygrał eurowizję
0%
3 Ile kosztuje zestaw Minecraft
0%
Nie znaleziono quizów pasujących do podanych kryteriów
Rozkład punktacji
Procent ludzi z każdym wynikiem
Percentyl według liczby udzielonych odpowiedzi
Twoja historia wyników
Nie rozwiązałeś tego quizu